| 000 | 00747cab a2200229 4500 | ||
|---|---|---|---|
| 001 | ABS44998 | ||
| 008 | 090401t1991 xxu||||| |||| 00| 0 eng d | ||
| 035 | _a(Sirsi) u50267 | ||
| 041 | _aeng | ||
| 100 | _aDobson, D. | ||
| 245 | _aLording it | ||
| 260 | _c1991 | ||
| 350 | _a0 | ||
| 490 |
_aWhich Computer? _vAugust 1991, 110-113(3) |
||
| 520 | _aCase study of the replacement by British Land of its old computer system with a minicomputer and complete suite of software, including Fraser Williams` Skyline property database. | ||
| 650 | _aACCOUNTING SOFTWARE | ||
| 650 | _aCOMPUTERS | ||
| 650 | _aPROPERTY MANAGEMENT SOFTWARE | ||
| 690 | _aMANAGEMENT-BUSINESS MANAGEMENT-INFORMATION MANAGEMENT | ||
| 942 | _n0 | ||
| 948 | _c04/03/1997 | ||
| 999 |
_c31375 _d31375 |
||